UM Logo

the story of prophets and kings: (Record no. 8311)

MARC details
000 -LEADER
fixed length control field 00628nam a2200181 4500
008 - FIXED-LENGTH DATA ELEMENTS--GENERAL INFORMATION
fixed length control field 180119b xxu||||| |||| 00| 0 eng d
020 ## - INTERNATIONAL STANDARD BOOK NUMBER
International Standard Book Number 0-8163-0843-8
082 ## - DEWEY DECIMAL CLASSIFICATION NUMBER
Edition number 1977
Classification number DC 291.61
Item number W58
100 ## - MAIN ENTRY--PERSONAL NAME
9 (RLIN) 25703
Personal name White, Ellen G.
245 ## - TITLE STATEMENT
Title the story of prophets and kings:
Remainder of title as illustrated in the captivity and restoration of Israel/
Statement of responsibility, etc. Ellen G. White.
260 ## - PUBLICATION, DISTRIBUTION, ETC. (IMPRINT)
Place of publication, distribution, etc. Canada:
Name of publisher, distributor, etc. Pacific Press Publishing Association,
Date of publication, distribution, etc. 1977.
300 ## - PHYSICAL DESCRIPTION
Extent 752 pages:
Other physical details illustration;
Dimensions 19 cm.
500 ## - GENERAL NOTE
General note includes index.
650 #0 - SUBJECT ADDED ENTRY--TOPICAL TERM
9 (RLIN) 25704
Topical term or geographic name as entry element Prophets
650 #0 - SUBJECT ADDED ENTRY--TOPICAL TERM
9 (RLIN) 25705
Topical term or geographic name as entry element Religious biography
700 ## - ADDED ENTRY--PERSONAL NAME
9 (RLIN) 25706
Personal name White, Ellen G.
942 ## - ADDED ENTRY ELEMENTS (KOHA)
Source of classification or shelving scheme Dewey Decimal Classification
Koha item type Circulation
Holdings
Withdrawn status Lost status Source of classification or shelving scheme Damaged status Not for loan Collection code Home library Current library Date acquired Source of acquisition Total Checkouts Full call number Barcode Date last seen Date last checked out Copy number Price effective from Koha item type
    Dewey Decimal Classification     Circulation UM Digos College - LIC UM Digos College - LIC 01/31/2004 Purchased 1 DC 291.61 W58 1977 16507 05/15/2025 02/05/2018 1 01/19/2018 Circulation